| 000 | 00684nam a2200193Ia 4500 | ||
|---|---|---|---|
| 003 | GCL | ||
| 008 | 140319s9999 xx 000 0 ara d | ||
| 040 |
_aGCL / _cGCL |
||
| 082 | 0 | 4 |
_a813.009 _bع ق |
| 100 | 1 | _aعبدالله خليفة ركيبى | |
| 245 | 1 | 0 |
_aالقصة القصيرة فى الادب الجزائرى المعاصر / _cعبدالله خليفة ركيبى |
| 300 | _a299 ص | ||
| 490 |
_aالهيئة العامة للاستعلامات _v0 |
||
| 650 | 0 | 4 | _aالعصر الحديث |
| 650 | 0 | 4 | _aالقصة القصيرة |
| 650 | 0 | 4 | _aالقصص العربية, تاريخ ونقد |
| 650 | 0 | 4 | _aالادب العربى - الجزائر |
| 942 |
_2ddc _cBK |
||
| 999 |
_c46901 _d46901 |
||